| 000 | 00931nam a2200265 a 4500 | ||
|---|---|---|---|
| 001 | 1145 | ||
| 003 | BR-CuiBMT | ||
| 005 | 20231130162213.0 | ||
| 008 | 231129s2001 mtba 000 0 por d | ||
| 040 |
_aBR-CuiBMT _cBR-CuiBMT |
||
| 080 |
_22007 _a614.2 _x(817.2) _x(094.4) |
||
| 090 |
_a614.2(817.2)(094.4) _bM433l |
||
| 110 | 1 | _aMato Grosso | |
| 245 | 1 | 0 |
_aLeis, decretos e portarias : _bMato Grosso, 2000 / _cSecretaria de Saúde. |
| 260 |
_aCuiabá : _bSecretaria de Estado de Saúde, _c2001. |
||
| 300 |
_a214 p. : _bil. ; _c22 cm |
||
| 490 | 1 |
_aLegislação da saúde em Mato Grosso ; _vv. 5 |
|
| 504 | _aInclui bibliografia. | ||
| 610 |
_2Sistema Único de Saúde _zBrasil |
||
| 650 |
_aSaúde pública _xLegislação _zMato Grosso |
||
| 650 |
_aPolíticas de saúde _vLegislação _zMato Grosso |
||
| 710 | 1 |
_aMato Grosso. _bSecretaria de Saúde. |
|
| 830 | 0 |
_aLegislação da saúde em Mato Grosso ; _v5 |
|
| 942 |
_2udc _cLV |
||
| 999 |
_c1145 _d1145 |
||